Online
Catalog

Prisión o transparencia / (Record no. 4796)

MARC details
000 -CABECERA
campo de control de longitud fija 00547cam a2200181 a 4500
001 - NÚMERO DE CONTROL
campo de control 000004990
005 - FECHA Y HORA DE LA ÚLTIMA TRANSACCIÓN
campo de control 20200929151542.0
008 - DATOS DE LONGITUD FIJA--INFORMACIÓN GENERAL
campo de control de longitud fija 901109s1990 ag 001 p spa
040 ## - FUENTE DE LA CATALOGACIÓN
Centro catalogador/agencia de origen DO-SdBNP
Centro/agencia transcriptor DLC
082 ## - NÚMERO DE LA CLASIFICACIÓN DECIMAL DEWEY
Número de clasificación Ar861.42
Número de documento/Ítem R733p
100 1# - ENTRADA PRINCIPAL--NOMBRE DE PERSONA
Nombre de persona Roggiano, Alfredo A.
Fechas asociadas al nombre 1919-
9 (RLIN) 14404
245 10 - MENCIÓN DE TÍTULO
Título Prisión o transparencia /
Mención de responsabilidad, etc. Alfredo A. Roggiano.
260 ## - PUBLICACIÓN, DISTRIBUCIÓN, ETC.
Lugar de publicación, distribución, etc. Cordoba, Argentina :
Nombre del editor, distribuidor, etc. Mundi,
Fecha de publicación, distribución, etc. 1990.
300 ## - DESCRIPCIÓN FÍSICA
Extensión 76 p. ;
Dimensiones 22 cm.
650 #4 - PUNTO DE ACCESO ADICIONAL DE MATERIA--TÉRMINO DE MATERIA
Término de materia o nombre geográfico como elemento de entrada Poesía argentina
9 (RLIN) 3859
650 #4 - PUNTO DE ACCESO ADICIONAL DE MATERIA--TÉRMINO DE MATERIA
Término de materia o nombre geográfico como elemento de entrada Literatura argentina
9 (RLIN) 3860
910 ## - DATOS DE OPCIÓN DEL USUARIO (OCLC)
Datos de opción del usuario Catalogación por copia / LC
Holdings
Estado de retiro Estado de pérdida Restricciones de uso No para préstamo Código de colección Localización permanente Ubicación/localización actual Ubicación en estantería Fecha de adquisición Número de inventario Total de préstamos Signatura topográfica completa Código de barras Fecha visto por última vez Precio válido a partir de Tipo de ítem Koha
    Préstamo interno   Monografías: Libros y Folletos General General En catalogación 28.07.2009 LF1   Ar861.42 R733p 4990-10 25.06.2020 25.06.2020 Préstamo interno

Powered by Koha